[Event "AUTO-ELITE-2506"]
[Site "http://www.queenalice.com/game.php?id=1824831"]
[Date "2023.11.8"]
[Round "1"]
[White "FLEURY"]
[Black "acid"]
[Result "1/2-1/2"]
[WhiteElo "2634"]
[BlackElo "2782"]

1. e4 c6 2. d4 d5 3. e5 Bf5 4. h4 h5 5. Bd3 Bxd3 6. Qxd3 e6 7. Nf3 Qa5+ 8. Nbd2
Nh6 9. O-O Be7 10. Nb3 Qa6 11. Qc3 Nf5 12. Bg5 Bxg5 13. Nxg5 Nd7 14. Qf3 c5 15.
Rfe1 g6 16. c3 Qb5 17. Rab1 Rc8 18. dxc5 Nxc5 19. Nd4 Qd3 20. Qf4 Qa6 21. Red1
Qxa2 22. c4 Nd3 23. Qf3 Nxe5 24. Qe2 f6 25. Nxf5 exf5 26. cxd5 O-O 27. Ne6 Rf7
28. Qe3 Re8 29. Qd2 Qc4 30. Nf4 Rd7 31. Rbc1 Qb3 32. Qe2 Qb4 33. Nxg6 Qg4 34.
Qxg4 fxg4 35. Nf4 Kf7 36. Rd4 Ng6 37. Nxh5 Re5 38. Ng3 Nxh4 39. Rxg4 Ng6 40. Rd4
Rexd5 41. Rxd5 Rxd5 42. Rc7+ Ke6 43. Rxb7 Rd1+ 44. Kh2 Rd2 45. Ne4 Re2 46. Nc5+
Kd6 47. b4 a5 48. Kg3 Ne5 49. Rb6+ Kd5 50. f3 axb4 51. Na6 Nd3 52. Nxb4+ Kc5 53.
Rxf6 Nxb4 54. Kh3 Nd5 55. Rf8 Kd6 56. Rd8+ Ke6 57. Ra8 Nf4+ 58. Kg3 Nh5+ 59. Kh4
Rxg2 60. Kxh5 Rg1 61. Ra5 Kf6 62. f4 Rg8 63. Rg5 1/2-1/2

[Event "AUTO-ELITE-2506"]
[Site "http://www.queenalice.com/game.php?id=1824832"]
[Date "2023.11.8"]
[Round "1"]
[White "acid"]
[Black "ecruzram"]
[Result "1-0"]
[WhiteElo "2760"]
[BlackElo "2389"]

1. d4 Nf6 2. c4 e6 3. Nf3 d5 4. Nc3 Be7 5. Bf4 O-O 6. e3 Nbd7 7. c5 c6 8. b4 Nh5
9. Bd3 Nxf4 10. exf4 b6 11. O-O a5 12. a3 Qc7 13. g3 Ba6 14. Kg2 Bxd3 15. Qxd3
b5 16. Rfb1 Rfb8 17. h4 Qc8 18. h5 h6 19. Ne5 Bf6 20. Nxd7 Qxd7 21. a4 axb4 22.
Rxb4 Bd8 23. Qc2 Qc8 24. Ne2 Ba5 25. Rbb1 b4 26. Rb3 Bc7 27. Qd3 Bd8 28. Nc1 Ra7
29. Ra2 Rab7 30. Rab2 Ba5 31. Qf1 Ra8 32. Nd3 1-0

[Event "AUTO-ELITE-2506"]
[Site "http://www.queenalice.com/game.php?id=1824833"]
[Date "2023.11.8"]
[Round "1"]
[White "ecruzram"]
[Black "acid"]
[Result "0-1"]
[WhiteElo "2388"]
[BlackElo "2761"]

1. e4 c6 2. d4 d5 3. Nc3 dxe4 4. Nxe4 Bf5 5. Ng3 Bg6 6. Nf3 Nd7 7. Bd3 e6 8.
Bxg6 hxg6 9. O-O Ngf6 10. Bf4 c5 11. c4 cxd4 12. Qxd4 Bc5 13. Qc3 Qb6 14. Qc2
O-O 15. a4 a5 16. Rad1 Rad8 17. Rd3 Be7 18. Re3 Nc5 19. Bg5 Bd6 20. Ne2 Rd7 21.
h3 Nh7 22. Bh4 Re8 23. Rd1 Nf8 24. Rd2 f6 25. Bg3 e5 26. Rd5 Na6 27. Rb5 Qc6 28.
Nc3 Bc5 29. Re2 b6 30. Kh2 Nc7 31. Rb3 Bb4 32. Nb5 Nce6 0-1

[Event "Challenge"]
[Site "http://www.queenalice.com/game.php?id=1825119"]
[Date "2023.11.13"]
[Round "-"]
[White "mestreRJ"]
[Black "acid"]
[Result "1/2-1/2"]
[WhiteElo "2689"]
[BlackElo "2776"]

1. e4 c5 2. c3 Nf6 3. e5 Nd5 4. d4 cxd4 5. Nf3 Nc6 6. cxd4 d6 7. Bc4 Nb6 8. Bb5
dxe5 9. Nxe5 Bd7 10. Nxd7 Qxd7 11. Nc3 e6 12. O-O a6 13. Bxc6 Qxc6 14. Be3 Nd5
15. Rc1 Be7 16. Qf3 Nxc3 17. Qxc6+ bxc6 18. Rxc3 Kd7 19. Rfc1 Rhc8 20. b3 a5 21.
Rc4 a4 22. b4 Rab8 23. Kf1 Rxb4 24. Rxb4 1/2-1/2

[Event "Challenge"]
[Site "http://www.queenalice.com/game.php?id=1825122"]
[Date "2023.11.13"]
[Round "-"]
[White "acid"]
[Black "FLEURY"]
[Result "1/2-1/2"]
[WhiteElo "2779"]
[BlackElo "2637"]

1. b3 e5 2. Bb2 Nc6 3. e3 Nf6 4. Nf3 e4 5. Nd4 Bc5 6. d3 Nxd4 7. exd4 Bb6 8. Nd2
O-O 9. dxe4 Nxe4 10. Nxe4 Re8 11. Be2 Rxe4 12. O-O d5 13. Bd3 Re6 14. Qf3 c6 15.
Rae1 Bc7 16. c3 Qe7 17. Rxe6 Bxe6 18. Bc1 Qd6 19. Qh5 g6 20. Qh4 Re8 21. Re1 Bd8
1/2-1/2

[Event "AUTO-ELITE-2495"]
[Site "http://www.queenalice.com/game.php?id=1828644"]
[Date "2024.1.6"]
[Round "2"]
[White "acid"]
[Black "Sexxy_Bunny"]
[Result "1/2-1/2"]
[WhiteElo "2747"]
[BlackElo "2748"]

1. e4 c5 2. Nc3 Nc6 3. Nge2 e6 4. d4 cxd4 5. Nxd4 Qc7 6. Be3 a6 7. Qf3 Nf6 8.
O-O-O Be7 9. Kb1 O-O 10. g4 d5 11. exd5 Nxd5 12. Nxd5 exd5 13. h4 Re8 14. g5 Bc5
15. Nxc6 Bxe3 16. Nb4 Qf4 17. Qxf4 Bxf4 18. Bg2 Bf5 19. Rxd5 g6 20. Rxf5 gxf5
21. Nd5 Be5 22. f4 Bg7 23. Nc7 Re2 24. Nxa8 Rxg2 25. Nb6 h5 26. c3 Rg4 27. Nd5
f6 28. gxf6 Bf8 29. Kc2 Bd6 30. Kd3 Kf7 31. Ke3 Rg3+ 32. Kd4 Rg2 33. c4 Rxb2 34.
Rg1 b5 35. Rg7+ Ke6 36. Rb7 Rc2 37. Ne3 Rd2+ 38. Kc3 Re2 39. Kd3 Rb2 40. cxb5
Rxb5 41. Ra7 Ra5 42. f7 Be7 43. Nc4 Rd5+ 44. Kc3 Kxf7 45. Ne5+ Kf6 46. Rxa6+ Kg7
47. Ra7 Kf6 48. a4 Rd1 49. a5 Ke6 50. Nf3 Bf6+ 51. Kc4 Rc1+ 52. Kb5 Rb1+ 53. Kc4
Rc1+ 54. Kd3 Rc3+ 55. Ke2 Rc2+ 56. Ke3 Rc3+ 57. Kf2 Ra3 58. Ra6+ Ke7 59. Ra8 Kd6
60. Ra6+ Ke7 61. Kg2 Ra2+ 62. Kg3 Ra3 63. Ra8 Bd4 64. a6 Be3 65. Ne5 Bc5+ 66.
Nf3 Ra2 67. Rh8 Bf2+ 68. Kh3 Be3 69. Kg3 Bf2+ 70. Kh3 Rxa6 71. Rxh5 Ra5 72. Ne5
Ke6 73. Rh7 Ra3+ 74. Kg2 Be3 75. Nc4 Rd3 76. Nxe3 Rxe3 77. h5 Re2+ 78. Kg3 Kf6
79. Rh6+ Kf7 80. Rg6 Re4 81. Rb6 Re1 82. Rb7+ Kf6 83. Rb6+ Kf7 84. Rb7+ Kf6 85.
Rb6+ Kf7 1/2-1/2

[Event "AUTO-ELITE-2495"]
[Site "http://www.queenalice.com/game.php?id=1828645"]
[Date "2024.1.6"]
[Round "2"]
[White "Sexxy_Bunny"]
[Black "acid"]
[Result "1/2-1/2"]
[WhiteElo "2754"]
[BlackElo "2757"]

1. e4 c6 2. d4 d5 3. e5 c5 4. dxc5 e6 5. a3 Bxc5 6. Nf3 f6 7. b4 Be7 8. Bb2 a5
9. b5 Nd7 10. Bd3 Nh6 11. Nbd2 Nf7 12. exf6 Bxf6 13. Bxf6 Qxf6 14. c4 Nc5 15.
Bc2 b6 16. cxd5 exd5 17. O-O O-O 18. Nb3 Bb7 19. Qd4 Nd6 20. a4 Rae8 21. Rfe1
Qxd4 22. Nfxd4 Rxe1+ 23. Rxe1 Nxa4 24. Nxa5 bxa5 25. Bxa4 Kf7 26. f3 Rc8 27. Nb3
Nc4 28. h4 g6 29. Kf2 Rc7 30. h5 Kf6 31. hxg6 hxg6 32. Rc1 Rh7 33. Nc5 Rc7 34.
Nb3 Rh7 35. Nc5 Rc7 36. Nb3 1/2-1/2

[Event "AUTO-ELITE-2494"]
[Site "http://www.queenalice.com/game.php?id=1828798"]
[Date "2024.1.8"]
[Round "2"]
[White "Sexxy_Bunny"]
[Black "acid"]
[Result "1-0"]
[WhiteElo "2742"]
[BlackElo "2755"]

1. e4 e5 2. Nf3 Nc6 3. Bb5 Bc5 4. c3 Nf6 5. d4 exd4 6. e5 Nd5 7. O-O Be7 8. cxd4
d6 9. exd6 Qxd6 10. Nc3 O-O 11. Re1 a6 12. Ba4 Be6 13. Ne4 Qd8 14. Bxc6 bxc6 15.
h3 Qb8 16. b3 Qb6 17. Bg5 f6 18. Nc5 Bxh3 19. gxh3 fxg5 20. Nd7 Qb5 21. Nxf8
Rxf8 22. a4 Qb7 23. Ne5 Bb4 24. Re4 Nc3 25. Qc2 Nxe4 26. Qxe4 Bd6 27. Nd7 Rd8
28. Qe6+ Kh8 29. Re1 h6 30. Qg6 Qxb3 31. Nf6 1-0

[Event "AUTO-ELITE-2494"]
[Site "http://www.queenalice.com/game.php?id=1828799"]
[Date "2024.1.8"]
[Round "2"]
[White "acid"]
[Black "Sexxy_Bunny"]
[Result "1/2-1/2"]
[WhiteElo "2747"]
[BlackElo "2738"]

1. Nf3 Nf6 2. c4 e6 3. g3 d5 4. d4 Be7 5. Bg2 O-O 6. O-O dxc4 7. Qc2 a6 8. a4
Bd7 9. Qxc4 Bc6 10. Bg5 Bd5 11. Qc2 Be4 12. Qd1 c5 13. dxc5 Bxc5 14. Nbd2 Bc6
15. Ne5 Bxg2 16. Kxg2 Be7 17. Rc1 Nbd7 18. Nxd7 Qxd7 19. Nf3 Qxd1 20. Rfxd1 Rfc8
21. Ne5 h6 22. Bd2 Rd8 23. h4 Rab8 24. Nd3 Kf8 25. Ba5 Rdc8 26. Kf3 Ke8 27. Bc7
Ra8 28. Bf4 Nd5 29. Bd2 h5 30. Ba5 Nf6 31. Bc3 g6 32. Bd4 Nd7 33. e4 Rxc1 34.
Rxc1 Kd8 35. Nc5 Rb8 36. b4 Ke8 37. Nd3 Kd8 38. Nc5 Bd6 39. Ke2 Ke7 40. Nd3 e5
41. Bc5 Bxc5 42. bxc5 Rc8 43. Ke3 f5 44. f3 Ke6 45. a5 Rc7 46. Rb1 fxe4 47. fxe4
Kf7 48. Rf1+ Kg7 49. Rf2 Rc8 50. Rf1 Rc7 51. Ke2 Rc6 52. Rc1 Kf7 53. Kf3 Kg7 54.
g4 hxg4+ 55. Kxg4 Rc7 56. Rg1 Rc6 57. Rb1 Rc7 58. Rg1 Rc6 59. Rb1 Rc7 60. Rg1
1/2-1/2

[Event "AUTO-ELITE-2519"]
[Site "http://www.queenalice.com/game.php?id=1829882"]
[Date "2024.1.22"]
[Round "1"]
[White "acid"]
[Black "Sexxy_Bunny"]
[Result "1-0"]
[WhiteElo "2759"]
[BlackElo "2721"]

1. e4 c5 2. Bc4 e6 3. d4 cxd4 4. Nf3 Nc6 5. Nxd4 Nf6 6. Nc3 d6 7. Bb3 a6 8. f4
Be7 9. Be3 O-O 10. Qe2 Qc7 11. f5 Nxd4 12. Bxd4 e5 13. Be3 b5 14. a3 Bb7 15. Bg5
Rac8 16. O-O-O b4 17. axb4 Qb6 18. h4 Qxb4 19. Rh3 a5 20. Bxf6 Bxf6 21. g4 a4
22. Nd5 Qc5 23. Ba2 Bxd5 24. Bxd5 a3 25. Rxa3 Bxh4 26. Kb1 Rb8 27. Qe3 1-0

[Event "AUTO-ELITE-2519"]
[Site "http://www.queenalice.com/game.php?id=1829883"]
[Date "2024.1.22"]
[Round "1"]
[White "Sexxy_Bunny"]
[Black "acid"]
[Result "1/2-1/2"]
[WhiteElo "2739"]
[BlackElo "2758"]

1. e4 e5 2. Nf3 d6 3. d4 Nd7 4. Bc4 exd4 5. Nxd4 Ngf6 6. Nc3 Nb6 7. Be2 Be7 8.
O-O O-O 9. a4 a5 10. f4 Re8 11. Bf3 c6 12. b3 Bf8 13. Bb2 Nbd7 14. Re1 Nc5 15.
h3 Ne6 16. Qd2 d5 17. exd5 cxd5 18. Kh1 Bb4 19. Re5 Bd7 20. Qe3 Bd6 21. Nf5 Bc5
22. Qd2 Bb4 23. Rd1 Qc7 24. Nxd5 Nxd5 25. Qxd5 Bc6 26. Qc4 Bxf3 27. Qxc7 Nxc7
28. Rxe8+ Rxe8 29. gxf3 f6 30. Rg1 g6 31. Bxf6 Re2 32. Nh6+ Kf8 33. f5 Ne8 34.
Bd4 Bd6 35. Rg5 Rh2+ 36. Kg1 Rxh3 37. Ng4 Bf4 38. Nf2 Rxf3 39. fxg6 hxg6 40.
Rxa5 Be3 41. Bxe3 Rxe3 42. Nd3 Nd6 43. Kf2 Rh3 44. Ke2 Rh2+ 45. Kd1 Ke7 46. Kc1
Kf6 47. Rd5 Nf5 48. Rd8 Ne3 49. Rf8+ Ke7 50. Rf2 Rxf2 51. Nxf2 Kd6 52. Kd2 Nd5
53. Nh3 Kc5 54. c3 Ne7 55. Kd3 Nc6 56. Nf4 Ne5+ 57. Ke4 Kd6 58. Nh3 Nf7 59. Kd4
g5 60. Nf2 Kc6 61. b4 b6 62. Ng4 Nd8 63. Ke5 Nf7+ 64. Kd4 Nd8 65. Ne5+ Kd6 66.
Nc4+ Kc6 67. Ke4 Ne6 68. Nd2 Kb7 69. Nc4 Ng7 70. Nd6+ Kc7 71. Nb5+ Kd7 72. Na3
Nh5 73. Nc4 Kc6 74. Ne5+ Kb7 75. Ng4 Ng3+ 76. Ke3 Nh5 77. Ke4 Kc6 78. Kf5 Ng3+
79. Kxg5 Ne4+ 1/2-1/2

[Event "AUTO-ELITE-2526"]
[Site "http://www.queenalice.com/game.php?id=1832942"]
[Date "2024.3.8"]
[Round "1"]
[White "trompmaster"]
[Black "acid"]
[Result "0-1"]
[WhiteElo "2507"]
[BlackElo "2758"]

1. Nf3 Nf6 2. g3 d5 3. Bg2 c5 4. O-O e6 5. c4 d4 6. d3 Nc6 7. e3 Be7 8. exd4
cxd4 9. Na3 O-O 10. Nc2 a5 11. Qe2 Bc5 12. Bf4 Nd7 13. a3 a4 14. Bd2 Re8 15.
Rae1 Qb6 16. Bc1 e5 17. Nd2 Nf6 18. Ne4 Nxe4 19. Bxe4 Be6 20. Qf3 Qc7 21. g4 Qd7
22. h3 Rab8 23. Bd2 Ne7 24. Qg3 Ng6 25. Bxg6 hxg6 26. Qxe5 Rbc8 27. Qf4 b5 28.
Bb4 bxc4 29. Bxc5 Rxc5 30. Nxd4 g5 31. Qe3 Rd5 32. Nxe6 Rxe6 33. Qd2 Rxe1 34.
Rxe1 cxd3 35. Rc1 Rd4 36. Qxg5 d2 37. Rd1 Qe6 38. Qf5 Qb3 39. Kg2 Rd3 40. g5 g6
41. Qe5 Qxd1 0-1

[Event "AUTO-ELITE-2526"]
[Site "http://www.queenalice.com/game.php?id=1832943"]
[Date "2024.3.8"]
[Round "1"]
[White "acid"]
[Black "trompmaster"]
[Result "1-0"]
[WhiteElo "2757"]
[BlackElo "2506"]

1. e4 d6 2. d4 Nf6 3. Nc3 e5 4. Nf3 Nbd7 5. Bc4 Be7 6. O-O c6 7. a4 Qc7 8. Be3
Ng4 9. Ng5 Bxg5 10. Bxg5 exd4 11. Qxd4 d5 12. f4 dxc4 13. Qxg7 Rf8 14. h3 Qb6+
15. Kh1 Ne3 16. Rf3 f6 17. Bh4 Rf7 18. Qh8+ Rf8 19. Qxh7 Qxb2 20. Re1 Qxc3 21.
Rfxe3 Qxc2 22. Qg7 Kd8 23. e5 Kc7 24. e6 b6 25. f5 Qd2 26. e7 Re8 27. Bg3+ Ne5
28. Qxf6 Kb7 29. Qxe5 Qd5 30. f6 Bf5 31. Qc7+ Ka6 32. Re5 Qd3 33. R5e3 Qd5 34.
Kh2 Rac8 35. Qf4 Bg6 36. Re5 Qf7 37. Re6 Kb7 38. a5 b5 39. a6+ Ka8 40. Qd6 1-0

[Event "AUTO-ELITE-2526"]
[Site "http://www.queenalice.com/game.php?id=1832946"]
[Date "2024.3.8"]
[Round "1"]
[White "diedoofen"]
[Black "acid"]
[Result "0-1"]
[WhiteElo "2542"]
[BlackElo "2760"]

1. d4 f5 2. Bg5 h6 3. Bh4 g5 4. e3 Bg7 5. Bg3 c5 6. c3 Qb6 7. Qc2 d5 8. Bd3 e6
9. a4 Ne7 10. a5 Qd8 11. h4 c4 12. Be2 g4 13. Nd2 Nbc6 14. b3 e5 15. dxe5 Bxe5
16. Bxe5 Nxe5 17. bxc4 O-O 18. f4 gxf3 19. Ndxf3 Nxc4 20. Bxc4 dxc4 21. Ne2 Nd5
22. Qd2 Nf6 23. Qd4 Re8 24. Qxc4+ Qd5 25. Qd4 Qe6 26. O-O Ng4 27. Rfb1 Qxe3+ 28.
Qxe3 Rxe3 29. Nfd4 Re5 30. Nf4 Rc5 31. Nde2 Kf7 32. h5 Rb8 33. Rd1 Re5 34. Nd4
Re4 35. Nd3 Kf6 36. Rab1 b6 37. Nf2 Nxf2 38. Kxf2 Ba6 0-1

[Event "AUTO-ELITE-2526"]
[Site "http://www.queenalice.com/game.php?id=1832947"]
[Date "2024.3.8"]
[Round "1"]
[White "acid"]
[Black "diedoofen"]
[Result "1-0"]
[WhiteElo "2764"]
[BlackElo "2538"]

1. e4 c5 2. Nc3 a6 3. Nf3 e6 4. d4 cxd4 5. Nxd4 b5 6. Bd3 Bb7 7. O-O Ne7 8. Bg5
Nbc6 9. Nb3 Ne5 10. f4 Nxd3 11. cxd3 f6 12. Bh4 b4 13. Ne2 Ng6 14. Bf2 Be7 15.
Nc5 Bxc5 16. Bxc5 Rc8 17. Rc1 d6 18. Be3 O-O 19. Qb3 d5 20. Qxb4 Qd7 21. Ng3
Rxc1 22. Rxc1 Rc8 23. Rxc8+ Bxc8 24. Qd4 Bb7 25. f5 exf5 26. exf5 Ne7 27. Qb6
Qc6 28. Qxc6 Nxc6 29. Ne2 Ne5 30. Nf4 Ng4 31. Bc5 Nh6 32. Ne6 Nxf5 33. b4 g6 34.
Kf2 Ng7 35. Nd8 Bc8 36. Bd4 Ne6 37. Bxf6 Nxd8 38. Bxd8 1-0

[Event "AUTO-ELITE-2530"]
[Site "http://www.queenalice.com/game.php?id=1834586"]
[Date "2024.4.3"]
[Round "1"]
[White "RaulSoft"]
[Black "acid"]
[Result "1/2-1/2"]
[WhiteElo "2473"]
[BlackElo "2764"]

1. d4 Nf6 2. c4 e6 3. g3 d5 4. Bg2 Bb4+ 5. Nd2 O-O 6. Nf3 dxc4 7. a3 Bxd2+ 8.
Bxd2 Nc6 9. e3 b5 10. b3 Bb7 11. bxc4 bxc4 12. Qc2 Nb8 13. Qxc4 Nbd7 14. O-O c5
15. Rfc1 Be4 16. Be1 Rc8 17. Qb5 Rc6 18. dxc5 Qa8 19. Bb4 Rc7 20. c6 Rfc8 21.
cxd7 Rxc1+ 22. Ne1 Rxa1 23. Bxe4 Nxe4 24. dxc8=Q+ Qxc8 25. Qe5 Rxe1+ 26. Bxe1 f5
1/2-1/2

[Event "AUTO-ELITE-2530"]
[Site "http://www.queenalice.com/game.php?id=1834593"]
[Date "2024.4.3"]
[Round "1"]
[White "acid"]
[Black "Diemerlin"]
[Result "1-0"]
[WhiteElo "2758"]
[BlackElo "2335"]

1. e4 d6 2. d4 Nf6 3. Nc3 g6 4. Be3 c6 5. h3 Qa5 6. Bd3 Nbd7 7. f4 Bg7 8. Nf3 c5
9. O-O cxd4 10. Nxd4 O-O 11. Qe1 Nc5 12. Qh4 Nxd3 13. cxd3 1-0

[Event "AUTO-ELITE-2526"]
[Site "http://www.queenalice.com/game.php?id=1835565"]
[Date "2024.4.24"]
[Round "2"]
[White "Sexxy_Bunny"]
[Black "acid"]
[Result "1/2-1/2"]
[WhiteElo "2712"]
[BlackElo "2765"]

1. e4 e5 2. Nf3 Nc6 3. Bb5 Nf6 4. O-O Nxe4 5. d4 Nd6 6. Bxc6 dxc6 7. dxe5 Nf5 8.
Qxd8+ Kxd8 9. Nc3 Ke8 10. h3 h5 11. Bf4 Be7 12. Rad1 Nh4 13. Nxh4 Bxh4 14. Ne2
c5 15. Be3 b6 16. Nc3 Be6 17. a4 Rc8 18. a5 Bf5 19. axb6 axb6 20. Rd2 Be7 21.
Ra1 h4 22. Ra7 Bd8 23. f3 Rh5 24. Bf4 Bd7 25. Nd5 Be6 26. c4 Kf8 27. Kf2 g5 28.
Be3 Kg7 29. b4 cxb4 30. Nxb4 c5 31. Nc6 Rxc6 32. Rxd8 Kg6 33. Rb7 Kf5 34. Rd6
Rc8 35. Bc1 Rf8 36. Rdxb6 Rhh8 37. Ba3 Kg6 38. Bxc5 Rc8 39. Be7 Rxc4 40. Rb8
Rxb8 41. Rxb8 Rc2+ 42. Kg1 Rc1+ 43. Kh2 Rc8 44. Rb2 Kh5 45. Rb4 Ra8 46. g4+
hxg3+ 47. Kxg3 Kg6 48. Bf6 Rg8 49. Rd4 Ra8 1/2-1/2

[Event "AUTO-ELITE-2526"]
[Site "http://www.queenalice.com/game.php?id=1835566"]
[Date "2024.4.24"]
[Round "2"]
[White "acid"]
[Black "Sexxy_Bunny"]
[Result "1/2-1/2"]
[WhiteElo "2766"]
[BlackElo "2706"]

1. Nf3 d5 2. d4 Nf6 3. c4 e6 4. Nc3 c6 5. e3 Nbd7 6. Qc2 Bd6 7. Bd3 O-O 8. O-O
dxc4 9. Bxc4 b5 10. Bd3 Bb7 11. e4 e5 12. h3 a6 13. dxe5 Nxe5 14. Nxe5 Bxe5 15.
Be3 Re8 16. a4 Bd4 17. Rfe1 h6 18. Rad1 Bxe3 19. Rxe3 Qc7 20. Ne2 Rad8 21. b3
Qe5 22. Rf1 h5 23. Re1 h4 24. Kh1 g5 25. Qc1 g4 26. Bb1 c5 27. f3 gxh3 28. gxh3
Rd6 29. Rg1+ Kf8 30. Rc3 Nxe4 31. Bxe4 Bxe4 32. fxe4 Qxe4+ 33. Rg2 Rg6 34. Nf4
Rf6 35. Ne2 Rg6 36. Nf4 Rf6 37. Ne2 Rg6 1/2-1/2